[Event "Benidorm op U2300 08th"]
[Site "Benidorm"]
[Date "2009.12.04"]
[Round "7"]
[White "Montero Fernandez, Oscar"]
[Black "Andres Terrado, Miguel Angel"]
[Result "1-0"]
[WhiteElo "2236"]
[BlackElo "2062"]
[PlyCount "61"]
[EventDate "2009.11.28"]
[EventType "swiss"]
[EventRounds "10"]
[EventCountry "ESP"]
[SourceTitle "CBM 133 Extra"]
[Source "ChessBase"]
[SourceDate "2010.01.05"]
[SourceVersion "1"]
[SourceVersionDate "2010.01.05"]
[SourceQuality "1"]

1. d4 Nf6 2. c4 g6 3. g3 Bg7 4. Bg2 0-0 5. Nc3 d6 6. Nf3 c6 7. 0-0 Nbd7 8. h3 Qc7 9. e4 e5 10. Be3 Rd8 11. Rc1 Nf8 12. d5 c5 13. Ne1 Ne8 14. Nd3 a6 15. Qd2 Bd7 16. f4 f6 17. fxe5 fxe5 18. Bg5 Rdb8 19. Rf2 b5 20. b3 bxc4 21. bxc4 Rb7 22. Rcf1 Bc8 23. Bh6 Bf6 24. Rxf6 Nxf6 25. Rxf6 Nd7 26. Rf1 Qd8 27. Qf2 Qe8 28. h4 Rc7 29. Bh3 Bb7 30. Be6+ Kh8 31. Qf7 1-0